Interpretación de la historia sudamericana: el fenómeno político-cultural
Wedi'i Gadw mewn:
| Prif Awdur: | |
|---|---|
| Fformat: | Llyfr |
| Iaith: | Sbaeneg |
| Cyhoeddwyd: |
La Paz
Biblioteca Paceña
1953
|
| Pynciau: | |
| Tagiau: |
Ychwanegu Tag
Dim Tagiau, Byddwch y cyntaf i dagio'r cofnod hwn!
|
MARC
| LEADER | 00000cam a2200000 a 4500 | ||
|---|---|---|---|
| 001 | UCF0008 | ||
| 003 | CL-VaPUC | ||
| 008 | 120420e19530000BO |||||||||||||||||spa|d | ||
| 082 | 0 | 4 | |a 909.098 |b VIL |2 21 |
| 100 | 0 | |a Vilela, Arturo |e author |9 561809 | |
| 245 | 1 | 0 | |a Interpretación de la historia sudamericana: el fenómeno político-cultural |
| 300 | |a 220 p | ||
| 942 | |c BK | ||
| 945 | |d 20120420 00:00:00 |a dcastane | ||
| 260 | |a La Paz |b Biblioteca Paceña |c 1953 | ||
| 650 | 0 | |a Historia de América |9 266076 | |
| 650 | 0 | |a Países en desarrollo |9 259663 | |
| 650 | 7 | |a HISTORIA POLITICA Y SOCIAL |2 CL-VaPUC |9 557213 | |
| 583 | |a last modification |c 20120903 04:07:36 |k Rodrigo Vera | ||
| 999 | |c 347530 |d 347528 | ||
| 952 | |0 0 |1 0 |4 0 |6 909_098000000000000_VIL_1953 |7 0 |8 A |9 448937 |a BIBHIS |b BIBHIS |d 2019-11-22 |i 4854764 |o 909.098 VIL 1953 |p 4854764 |r 2025-01-20 |w 2019-11-22 |y BK |k HIS | ||